FC Schalke 04 Squad 2019-2020 - Statistics

General Stats
  • This quiz has been taken 14 times
  • The average score is 13 of 29
Answer Stats
# Position Nation Player % Correct
25 MF Morocco Amine Harit
93%
2 MF United States Weston McKennie
79%
5 DF Serbia Matija Nastasić
71%
17 DF France Benjamin Stambouli
64%
19 FW Austria Guido Burgstaller
64%
4 DF Turkey Ozan Kabak
64%
28 MF Austria Alessandro Schöpf
57%
9 FW Belgium Benito Raman
57%
34 GK Austria Michael Langer
57%
6 MF Spain Omar Mascarell
57%
14 FW Wales Rabbi Matondo
57%
26 DF Senegal Salif Sané
57%
35 GK Germany Alexander Nübel
50%
18 MF Italy Daniel Caligiuri
50%
23 GK Germany Markus Schubert
50%
16 MF Morocco Nassim Boujellab
43%
8 MF Germany Suat Serdar
43%
- Coach United States David Wagner
36%
20 DF England Jonjoe Kenny
36%
11 FW Austria Michael Gregoritsch
36%
15 FW Turkey Ahmed Kutucu
29%
24 DF Germany Bastian Oczipka
29%
21 DF France Jean-Clair Todibo
29%
3 DF Spain Juan Miranda
29%
37 MF Turkey Levent Mercan
21%
7 FW Germany Mark Uth
21%
22 MF Germany Steven Skrzybski
21%
21 FW Germany Fabian Reese
14%
27 DF Germany Jonas Carls
14%
No matching quizzes found
Score Distribution
Percent of People with Each Score
Percentile by Number Answered
Your Score History
You have not taken this quiz